000 01102nam a2200253 a 4500
001 1418
003 BR-CuiBMT
005 20231207215131.0
008 231207s2006 dfb 001 0 por d
040 _aBR-CuiBMT
_cBR-CuiBMT
080 _22007
_a35.078.3
090 _a35.078.3
_bB823a
110 1 _aBrasília
_bSenado Federal, Subsecretaria de Edições Técnicas,
245 _aAdministração pública :
_bnormas e regulamentos /
_c[organização: Paulo Roberto Moraes de Aguiar].
260 _aBrasília :
_bSenado Federal, Subsecretaria de Edições Técnicas ,
_c2008.
300 _a289 p.:
_c23 cm
500 _aDispositivos Constitucionais Pertinentes – Lei Complementar no 101/2000 – Legislação Básica – Normas Correlatas – Decretos – Glossário – Índice de Assuntos e Entidades.
504 _aInclui índice.
650 _aAdministração pública
_xnormas e regulamentos
_zBrasil
650 _aDireito administrativo
_xlegislação
_zBrasil
700 _4org.
_aAguiar, Paulo Roberto Moraes de
710 _aBrasil
_bSubsecretaria de Edições Técnicas
942 _2udc
_cLV
999 _c1418
_d1418